Breve noticia histórico-descriptiva del Museo Nacional de México / (Record no. 15958)

MARC details
000 -LEADER
fixed length control field 00721cam a22002171a 4500
001 - CONTROL NUMBER
control field ca 25000436
003 - CONTROL NUMBER IDENTIFIER
control field DLC
005 - DATE AND TIME OF LATEST TRANSACTION
control field 20260227111114.0
008 - FIXED-LENGTH DATA ELEMENTS--GENERAL INFORMATION
fixed length control field 860424s1896 mx 000 0 spa
010 ## - LIBRARY OF CONGRESS CONTROL NUMBER
LC control number ca 25000436
035 ## - SYSTEM CONTROL NUMBER
System control number (OCoLC)13487636
040 ## - CATALOGING SOURCE
Original cataloging agency DLC
Transcribing agency RQA
Modifying agency NmU
-- DLC
042 ## - AUTHENTICATION CODE
Authentication code premarc
043 ## - GEOGRAPHIC AREA CODE
Geographic area code n-mx---
050 00 - LIBRARY OF CONGRESS CALL NUMBER
Classification number F1219
Item number .M693
100 2# - MAIN ENTRY--PERSONAL NAME
Personal name Galindo y Villa, Jesús,
Dates associated with a name 1867-1937.
245 10 - TITLE STATEMENT
Title Breve noticia histórico-descriptiva del Museo Nacional de México /
Statement of responsibility, etc. que escribe Jesús Galindo y Villa por encargo de la dirección del mismo establecimiento.
260 ## - PUBLICATION, DISTRIBUTION, ETC.
Place of publication, distribution, etc. México :
Name of publisher, distributor, etc. Impr. del Museo Nacional,
Date of publication, distribution, etc. 1896.
300 ## - PHYSICAL DESCRIPTION
Extent 22 p. ;
Dimensions 22 x 12 cm.
610 20 - SUBJECT ADDED ENTRY--CORPORATE NAME
Corporate name or jurisdiction name as entry element Museo Nacional de México.

No items available.

Powered by Koha